[Event "Cracovia 2008 op A"]
[Site "Krakow"]
[Date "2009.01.02"]
[Round "7.9"]
[White "Pedersen, Nicolai Vesterbaek"]
[Black "Paterek, Michal"]
[Result "1/2-1/2"]
[WhiteElo "2417"]
[BlackElo "2235"]
[PlyCount "369"]
[EventDate "2008.??.??"]

1. d4 d5 2. c4 c6 3. Nf3 Nf6 4. Nc3 a6 5. cxd5 cxd5 6. Bg5 Ne4 7. Qb3 Nxg5 8.
Nxg5 e6 9. f4 Nc6 10. e3 Bd6 11. Bd3 h6 12. Nf3 Bd7 13. O-O O-O 14. Ne5 Be8 15.
Rac1 Na5 16. Qd1 f6 17. Qg4 f5 18. Qh3 b5 19. Ne2 Nc4 20. Rc2 Bb4 21. g4 Qf6
22. gxf5 exf5 23. b3 Nd6 24. Ng3 Ne4 25. Bxe4 dxe4 26. Rg2 Ra7 27. Kh1 Kh7 28.
Nh5 Qd6 29. Rfg1 g6 30. Ng3 Rc7 31. Nf1 Rf6 32. Qh4 a5 33. Qf2 Rc1 34. Ng3 Qc7
35. Rxc1 Qxc1+ 36. Qg1 Qc7 37. Qd1 Qc3 38. Nf1 Bd6 39. Rc2 Qb4 40. Rc8 Re6 41.
d5 Re7 42. Nc6 Bxc6 43. dxc6 Qc5 44. Rd8 Bc7 45. Qd5 Qxd5 46. Rxd5 b4 47. Ng3
Kg7 48. Ne2 Bb6 49. Rb5 Bc7 50. Nd4 Kf7 51. Rd5 Ke8 52. Kg2 Rf7 53. Kf2 Rf6 54.
Rb5 Rd6 55. Rb7 Kd8 56. Ra7 Rf6 57. Ra8+ Ke7 58. Rh8 Bb6 59. Rb8 Bc7 60. Rh8
Bb6 61. Ke2 Kd6 62. Rc8 Bxd4 63. exd4 Rf7 64. Ra8 Kxc6 65. Rxa5 Kb6 66. Re5 Rf6
67. h4 h5 68. Ke3 Rc6 69. Kd2 Rd6 70. Ke3 Rc6 71. d5 Rc3+ 72. Kd4 Kb5 73. Re7
Rd3+ 74. Ke5 e3 75. Kf6 Kc5 76. Kxg6 Kxd5 77. Kxf5 Kd4 78. Kg6 Kc3 79. Kxh5 Kd2
80. f5 e2 81. f6 Rf3 82. Kg6 Rg3+ 83. Kh6 Re3 84. Rxe3 Kxe3 85. f7 e1=Q 86.
f8=Q Qxh4+ 87. Kg6 Qg4+ 88. Kf7 Kd3 89. Qc5 Qd7+ 90. Kf6 Qd8+ 91. Ke6 Qg8+ 92.
Kd6 Qd8+ 93. Kc6 Qa8+ 94. Kb5 Qxa2 95. Qc4+ Kd2 96. Qxb4+ Kc2 97. Qc4+ Kb2 98.
b4 Qa7 99. Qe2+ Kc3 100. Qe5+ Kb3 101. Qd5+ Ka3 102. Qd3+ Kb2 103. Qd2+ Kb3
104. Qd1+ Kc3 105. Qc1+ Kb3 106. Qc4+ Kb2 107. Qd5 Ka3 108. Qf3+ Kb2 109. Qe2+
Ka3 110. Qd3+ Kb2 111. Qd2+ Kb3 112. Qd1+ Kc3 113. Qc1+ Kb3 114. Qc4+ Ka3 115.
Qc3+ Ka2 116. Qc5 Qb7+ 117. Qb6 Qd5+ 118. Ka6 Qa8+ 119. Qa7 Qc6+ 120. Ka5 Qc3
121. Qc5 Qd2 122. Ka6 Qg2 123. b5 Qa8+ 124. Qa7 Qc8+ 125. Qb7 Qc4 126. Qc6 Qe2
127. Qd7 Ka3 128. Ka7 Kb4 129. b6 Qa2+ 130. Kb8 Qg8+ 131. Qc8 Qg3+ 132. Ka7
Qa3+ 133. Qa6 Qe3 134. Qc8 Ka5 135. Qf5+ Kb4 136. Qd7 Ka5 137. Qd5+ Kb4 138.
Ka6 Qe2+ 139. Ka7 Qe3 140. Ka6 Qe2+ 141. Ka7 Qe3 142. Kb7 Qe7+ 143. Kc8 Qe8+
144. Kc7 Qe7+ 145. Qd7 Qc5+ 146. Qc6 Qe7+ 147. Kb8 Qf8+ 148. Qc8 Qd6+ 149. Qc7
Qf8+ 150. Ka7 Qf2 151. Qd6+ Kb5 152. Qd5+ Kb4 153. Kb7 Qe3 154. Kc6 Qc3+ 155.
Kd7 Qg7+ 156. Kc8 Qf8+ 157. Kc7 Qe7+ 158. Qd7 Qc5+ 159. Qc6 Qe7+ 160. Kb8 Qf8+
161. Kb7 Qe7+ 162. Qc7 Qe4+ 163. Ka7 Qe3 164. Kb8 Qe8+ 165. Ka7 Qe3 166. Qd6+
Kb5 167. Qd7+ Ka5 168. Qd5+ Kb4 169. Kb7 Qe7+ 170. Kc8 Qe8+ 171. Qd8 Qe6+ 172.
Kb8 Qe5+ 173. Qc7 Qe8+ 174. Qc8 Qe5+ 175. Kb7 Qe4+ 176. Kb8 Qe5+ 177. Ka7 Qe3
178. Qf5 Qd4 179. Qb1+ Ka5 180. Qa2+ Kb5 181. Qa6+ Kb4 182. Qb7 Qa1+ 183. Kb8
Qe5+ 184. Qc7 Qe8+ 185. Kb7 1/2-1/2

[Event "Cracovia 2008 op A"]
[Site "Krakow"]
[Date "2009.01.02"]
[Round "7.10"]
[White "Czerwonski, Aleksander"]
[Black "Krzyzanowski, Marcin"]
[Result "1-0"]
[WhiteElo "2391"]
[BlackElo "2280"]
[PlyCount "71"]
[EventDate "2008.??.??"]

1. d4 d5 2. Nf3 c6 3. c4 e6 4. e3 Nf6 5. Nc3 Nbd7 6. Qc2 Bd6 7. b3 b6 8. Bb2
Bb7 9. Be2 Qe7 10. O-O O-O 11. Rad1 Rad8 12. Rfe1 Rfe8 13. Bd3 dxc4 14. Bxc4 c5
15. d5 exd5 16. Nxd5 Nxd5 17. Bxd5 Bxd5 18. Rxd5 Nf8 19. Qc3 f6 20. e4 Ng6 21.
g3 Kh8 22. Kg2 Qc7 23. Qd3 Ne7 24. Rh5 Bxg3 25. Qc2 Bf4 26. e5 f5 27. e6 Kg8
28. Qc4 Rd5 29. Rh4 Bd2 30. Re2 Qd6 31. Bxg7 Ng6 32. Ba1 Nxh4+ 33. Nxh4 Rxe6
34. Nxf5 Qc6 35. Rxe6 Rd6+ 36. Re4+ 1-0

[Event "Cracovia 2008 op A"]
[Site "Krakow"]
[Date "2009.01.02"]
[Round "7.11"]
[White "Panocki, Adrian"]
[Black "Wiewiora, Eneasz"]
[Result "1/2-1/2"]
[WhiteElo "2381"]
[BlackElo "2044"]
[PlyCount "53"]
[EventDate "2008.??.??"]

1. Nf3 Nf6 2. c4 g6 3. b3 Bg7 4. Bb2 O-O 5. e3 c5 6. Be2 d6 7. O-O e5 8. d4
exd4 9. exd4 Nc6 10. h3 Re8 11. d5 Ne7 12. Nc3 h6 13. Re1 g5 14. Bd3 Ng6 15.
Qc2 Nf4 16. Rxe8+ Qxe8 17. Re1 Qd7 18. Ne2 Nxg2 19. Kxg2 Qxh3+ 20. Kg1 Qxf3 21.
Bxf6 Bxf6 22. Ng3 Bd7 23. Re3 Qf4 24. Re4 Qf3 25. Re3 Qf4 26. Re4 Qf3 27. Re3
1/2-1/2

[Event "Cracovia 2008 op A"]
[Site "Krakow"]
[Date "2009.01.02"]
[Round "7.12"]
[White "Smola, Michal"]
[Black "Brzeski, Maciej"]
[Result "1-0"]
[WhiteElo "2204"]
[BlackElo "2366"]
[PlyCount "53"]
[EventDate "2008.??.??"]

1. e4 c5 2. Nf3 g6 3. c3 d5 4. exd5 Qxd5 5. d4 Bg7 6. Be3 cxd4 7. cxd4 Nf6 8.
Nc3 Qa5 9. Bc4 Ne4 10. O-O Nxc3 11. bxc3 O-O 12. Qb3 Nd7 13. Ng5 e6 14. d5 b5
15. Bxb5 Rb8 16. a4 a6 17. dxe6 axb5 18. e7 Ba6 19. exf8=Q+ Rxf8 20. Rfd1 bxa4
21. Rxa4 Qb5 22. Qxb5 Bxb5 23. Ra7 Ne5 24. Bd4 Rd8 25. Ne6 Be2 26. Nxd8 Bxd1
27. Ra8 1-0

[Event "Cracovia 2008 op A"]
[Site "Krakow"]
[Date "2009.01.02"]
[Round "7.13"]
[White "Zysko, Jan"]
[Black "Majdan, Joanna"]
[Result "1/2-1/2"]
[WhiteElo "2185"]
[BlackElo "2284"]
[PlyCount "84"]
[EventDate "2008.??.??"]

1. e4 g6 2. d4 Bg7 3. Nf3 c6 4. Bd3 d6 5. h3 Nd7 6. O-O e5 7. c3 Ngf6 8. dxe5
dxe5 9. Be3 O-O 10. Qc2 Qe7 11. Nbd2 Nh5 12. Rfe1 Nc5 13. Bf1 h6 14. b4 Ne6 15.
Nc4 f6 16. a4 b6 17. Rad1 Kh7 18. Nd6 Bd7 19. g3 Ng5 20. Nxg5+ fxg5 21. Nc4 Be6
22. Rd2 Nf4 23. Kh2 h5 24. a5 Qf7 25. Nd6 Qc7 26. axb6 axb6 27. Nc4 c5 28. bxc5
bxc5 29. Rdd1 Nxh3 30. Rd5 Bxd5 31. exd5 Nf4 32. d6 Qd8 33. gxf4 gxf4 34. Bxc5
Qh4+ 35. Bh3 Rf5 36. Nb6 Rg5 37. Qe2 Ra2 38. Qxa2 f3 39. Qe6 Rg2+ 40. Kh1 Rg4
41. Kh2 Rg2+ 42. Kh1 Rg4 1/2-1/2

[Event "Cracovia 2008 op A"]
[Site "Krakow"]
[Date "2009.01.02"]
[Round "7.14"]
[White "Kocwin, Bartosz"]
[Black "Orzech, Dominik"]
[Result "0-1"]
[WhiteElo "2260"]
[BlackElo "2462"]
[PlyCount "84"]
[EventDate "2008.??.??"]

1. e4 c5 2. Nf3 Nc6 3. d3 Nf6 4. g3 g6 5. Bg2 Bg7 6. O-O d5 7. Qe2 O-O 8. c3 b6
9. Re1 Ba6 10. e5 Nd7 11. Bf4 g5 12. Nxg5 Ndxe5 13. c4 h6 14. Bxe5 Nxe5 15. Nf3
Nc6 16. Nc3 dxc4 17. dxc4 e6 18. Rad1 Qf6 19. Nb5 Rad8 20. b3 Rxd1 21. Rxd1 Rd8
22. h4 Qe7 23. Rxd8+ Qxd8 24. Qe4 Qd7 25. Ng5 Bb7 26. Nh3 Qd1+ 27. Bf1 a6 28.
Na3 Qa1 29. Nc2 Qxa2 30. Nf4 Qxb3 31. Nh5 Qc3 32. Bg2 Na5 33. Qg4 Bxg2 34. Kxg2
Nxc4 35. Nxg7 Ne5 36. Qe4 Kxg7 37. Ne3 b5 38. f4 Qa1 39. Kh3 Nd3 40. Ng4 h5 41.
f5 hxg4+ 42. Qxg4+ Kf8 0-1

[Event "Cracovia 2008 op A"]
[Site "Krakow"]
[Date "2009.01.02"]
[Round "7.15"]
[White "Ponizil, Cyril"]
[Black "Lubczynski, Rafal"]
[Result "0-1"]
[WhiteElo "2251"]
[BlackElo "2423"]
[PlyCount "50"]
[EventDate "2008.??.??"]

1. e4 d6 2. d4 Nf6 3. Nc3 e5 4. Nf3 Nbd7 5. Bc4 Be7 6. O-O O-O 7. a4 a6 8. Re1
b6 9. b3 c6 10. Ba3 Bb7 11. dxe5 dxe5 12. Bd6 b5 13. Bf1 Re8 14. Re3 Nc5 15.
Bxe5 Ng4 16. Re1 Nxe5 17. Nxe5 Bf6 18. f4 Nd7 19. Nxd7 Bxc3 20. Qd3 Bxa1 21.
Rxa1 Qe7 22. Rd1 Rad8 23. Be2 Bc8 24. Bg4 h5 25. Bf5 Bxd7 0-1

[Event "Cracovia 2008 op A"]
[Site "Krakow"]
[Date "2009.01.02"]
[Round "7.16"]
[White "Rudolf, Michal"]
[Black "Kulon, Klaudia"]
[Result "1-0"]
[WhiteElo "2398"]
[BlackElo "2228"]
[PlyCount "47"]
[EventDate "2008.??.??"]

1. e4 c5 2. Nf3 d6 3. d4 cxd4 4. Nxd4 Nf6 5. Nc3 e6 6. f4 Nc6 7. Be3 Be7 8. Qf3
Bd7 9. O-O-O a6 10. Rg1 Nxd4 11. Bxd4 Bc6 12. g4 O-O 13. g5 Nd7 14. Qh5 Re8 15.
Rg3 b5 16. Rh3 Nf8 17. Bxg7 Kxg7 18. e5 d5 19. Bd3 Bb4 20. Qh6+ Kg8 21. Bxh7+
Nxh7 22. Ne4 dxe4 23. Qxh7+ Kf8 24. Qh8+ 1-0

[Event "Cracovia 2008 op A"]
[Site "Krakow"]
[Date "2009.01.02"]
[Round "7.17"]
[White "Galyga, Zbigniew"]
[Black "Marszalek, Maciej"]
[Result "0-1"]
[WhiteElo "2204"]
[BlackElo "2383"]
[PlyCount "70"]
[EventDate "2008.??.??"]

1. d4 Nf6 2. c4 e6 3. Nf3 b6 4. e3 Bb7 5. Be2 Be7 6. O-O O-O 7. Nc3 d5 8. b3 c5
9. cxd5 exd5 10. Bb2 Nbd7 11. Rc1 Rc8 12. Qc2 Ne4 13. Qb1 Bd6 14. Nb5 Bb8 15.
dxc5 bxc5 16. Rfd1 Qe7 17. Bf1 Ndf6 18. Rc2 Ng4 19. Qc1 a6 20. Nc3 Rfd8 21. h3
Ngxf2 22. Rxf2 Nxf2 23. Kxf2 d4 24. Bc4 Bxf3 25. gxf3 Qh4+ 26. Ke2 dxc3 27.
Qxc3 Qg3 28. Rf1 Rc6 29. f4 Rcd6 30. Bxf7+ Kxf7 31. Qc4+ Kf8 32. Qxc5 Kg8 33.
Qc4+ Kh8 34. Bd4 Rxd4 35. exd4 Bxf4 0-1

[Event "Cracovia 2008 op A"]
[Site "Krakow"]
[Date "2009.01.02"]
[Round "7.19"]
[White "Rutkowski, Maciej"]
[Black "Szwed, Jacek"]
[Result "1/2-1/2"]
[WhiteElo "2336"]
[BlackElo "2258"]
[PlyCount "38"]
[EventDate "2008.??.??"]

1. e4 e6 2. d4 d5 3. Nc3 dxe4 4. Nxe4 Nd7 5. Nf3 Ngf6 6. Bd3 Nxe4 7. Bxe4 Nf6
8. Bg5 c5 9. Bxf6 Qxf6 10. c3 cxd4 11. Qxd4 Qxd4 12. Nxd4 Bd7 13. O-O-O O-O-O
14. f4 g6 15. g3 Kc7 16. Rhe1 b5 17. Nf3 f6 18. Nd4 Bc5 19. Bg2 Rhe8 1/2-1/2

[Event "Cracovia 2008 op A"]
[Site "Krakow"]
[Date "2009.01.02"]
[Round "7.20"]
[White "Samojlov, Anton"]
[Black "Tyukhanov, Alexey"]
[Result "1/2-1/2"]
[WhiteElo "2331"]
[BlackElo "2227"]
[PlyCount "151"]
[EventDate "2008.??.??"]

1. e4 c6 2. d4 d5 3. e5 c5 4. dxc5 Nc6 5. Bb5 e6 6. Qg4 Nge7 7. Nf3 h5 8. Qf4
Ng6 9. Qe3 Qa5+ 10. Nc3 Bd7 11. a3 d4 12. Nxd4 Bxc5 13. Nxc6 Qb6 14. Qe2 Bxc6
15. Bd2 Bd4 16. O-O-O Bxe5 17. Be3 Qa5 18. Bd4 Bxd4 19. Rxd4 O-O 20. Bxc6 bxc6
21. f4 Qf5 22. Qe4 Qf6 23. Rc4 Rac8 24. g3 e5 25. f5 Ne7 26. Rc5 Nxf5 27. Qxe5
Qxe5 28. Rxe5 g6 29. Ne4 Kg7 30. Nc5 Rfd8 31. Rhe1 Rd4 32. Nb3 Rg4 33. R1e4 Kf6
34. Nc5 Rxe4 35. Nd7+ Kg7 36. Rxe4 Rd8 37. Nc5 Rd4 38. Re2 h4 39. Ne4 Nd6 40.
Nxd6 Rxd6 41. Re4 hxg3 42. hxg3 Kf6 43. Ra4 Rd7 44. Ra6 Kf5 45. Rxc6 Kg4 46.
Rc3 f5 47. Rc6 Kxg3 48. Rxg6+ Kf3 49. c4 f4 50. c5 Ke3 51. c6 Rf7 52. Kd1 Kf2
53. Rd6 f3 54. Kd2 Kg1 55. Rg6+ Kf1 56. b4 f2 57. b5 Re7 58. Rf6 Kg2 59. Kd3
Re1 60. a4 Ra1 61. a5 Ra3+ 62. Ke4 Ra4+ 63. Ke3 Ra3+ 64. Ke4 Ra4+ 65. Kd5 Rxa5
66. c7 Rxb5+ 67. Kd4 Rb4+ 68. Kd3 Rb3+ 69. Kd2 Rf3 70. c8=Q Rxf6 71. Qg4+ Kf1
72. Qd1+ Kg2 73. Qg4+ Kf1 74. Ke3 a5 75. Qd4 Kg1 76. Qxf6 1/2-1/2

[Event "Cracovia 2008 op A"]
[Site "Krakow"]
[Date "2009.01.02"]
[Round "7.21"]
[White "Nguyen, Piotr"]
[Black "Wcislo, Damian"]
[Result "1/2-1/2"]
[WhiteElo "2327"]
[BlackElo "2219"]
[PlyCount "96"]
[EventDate "2008.??.??"]

1. d4 d5 2. c4 c6 3. Nc3 Nf6 4. Nf3 dxc4 5. a4 Bf5 6. e3 e6 7. Bxc4 Bb4 8. O-O
O-O 9. Nh4 Bg4 10. f3 Bh5 11. g4 Bg6 12. Nxg6 hxg6 13. e4 c5 14. Na2 Qa5 15.
Nxb4 Qxb4 16. b3 Qc3 17. Ba3 Rd8 18. Bxc5 b6 19. Be7 Qe3+ 20. Rf2 Rxd4 21. Qc1
Qxc1+ 22. Rxc1 Nbd7 23. Ba3 Nc5 24. Bxc5 bxc5 25. Rfc2 a6 26. Kf2 g5 27. Be2
Nd7 28. Rd1 Rxd1 29. Bxd1 Kf8 30. Kg3 Ke7 31. Be2 Kd6 32. h4 gxh4+ 33. Kxh4 f6
34. f4 g5+ 35. fxg5 fxg5+ 36. Kxg5 Ke5 37. Bf1 Rg8+ 38. Kh4 Nf6 39. Bxa6 Nxe4
40. Kh3 Kf4 41. Bb7 Nd6 42. Bc6 Rxg4 43. Rf2+ Kg5 44. Rf3 Rh4+ 45. Kg2 c4 46.
a5 cxb3 47. Rxb3 Rc4 48. Bd7 Rc2+ 1/2-1/2

[Event "Cracovia 2008 op A"]
[Site "Krakow"]
[Date "2009.01.02"]
[Round "7.22"]
[White "Miroslaw, Michal"]
[Black "Drozdowski, Kacper"]
[Result "1-0"]
[WhiteElo "2323"]
[BlackElo "2039"]
[PlyCount "91"]
[EventDate "2008.??.??"]

1. e4 e5 2. Nf3 Nf6 3. Nxe5 d6 4. Nf3 Nxe4 5. d3 Nf6 6. Bg5 Be7 7. d4 d5 8. Bd3
O-O 9. O-O h6 10. Bh4 Nc6 11. c3 Ne4 12. Bxe7 Nxe7 13. Qc2 Bf5 14. c4 Re8 15.
Qb3 Nd6 16. c5 Ne4 17. Re1 b6 18. cxb6 axb6 19. Nc3 Be6 20. Qc2 Nxc3 21. Qxc3
Qd6 22. Rec1 Rec8 23. b4 Bf5 24. Bxf5 Nxf5 25. a4 Qf6 26. a5 bxa5 27. bxa5 Ra6
28. Qb4 Nd6 29. Ne5 g6 30. Rc6 Rxc6 31. Nxc6 Kg7 32. f3 Nc4 33. Qc5 Qe6 34. h3
Qe3+ 35. Kh1 Re8 36. Qxd5 Qe2 37. a6 Qb2 38. Rg1 Nb6 39. Qc5 Qa2 40. a7 Re6 41.
Nd8 Rd6 42. Qxc7 Qd5 43. Nxf7 Rc6 44. Qe5+ Qxe5 45. Nxe5 Rc8 46. Rb1 1-0

[Event "Cracovia 2008 op A"]
[Site "Krakow"]
[Date "2009.01.02"]
[Round "7.23"]
[White "Tokarski, Lukasz"]
[Black "Duda, Jan-Krzysztof"]
[Result "1/2-1/2"]
[WhiteElo "2302"]
[BlackElo "2013"]
[PlyCount "140"]
[EventDate "2008.??.??"]

1. e4 e6 2. d4 d5 3. Nc3 Nf6 4. e5 Nfd7 5. f4 c5 6. Nf3 Nc6 7. Be3 a6 8. Qd2 b5
9. a3 Bb7 10. Qf2 c4 11. Be2 Qc7 12. f5 exf5 13. Nxd5 Qd8 14. Rd1 Ne7 15. Nxe7
Qxe7 16. d5 Nxe5 17. d6 Qe6 18. Nxe5 Qxe5 19. d7+ Ke7 20. Bb6 Ke6 21. d8=Q Rxd8
22. Rxd8 Bc5 23. Qh4 Be7 24. Qf2 Rxd8 25. Bxd8 Bxd8 26. O-O Be7 27. Qb6+ Bd6
28. Bxc4+ bxc4 29. Qxb7 Qxh2+ 30. Kf2 Qf4+ 31. Ke2 Qe4+ 32. Qxe4+ fxe4 33. g4
g6 34. Rh1 f5 35. gxf5+ gxf5 36. Rxh7 f4 37. Rh6+ Kd5 38. Rh5+ Kc6 39. Kd2 e3+
40. Ke2 Bc7 41. Kf3 Bd6 42. Rf5 Bc7 43. b4 cxb3 44. cxb3 a5 45. a4 Kb6 46. Rh5
Kb7 47. Rc5 Kb6 48. Rb5+ Kc6 49. Ke2 Bb6 50. b4 axb4 51. Rxb4 Bc7 52. Rc4+ Kb7
53. Kf3 Be5 54. a5 Ka6 55. Rc8 Bd4 56. Rc4 Ba7 57. Ra4 Bb8 58. Ra2 Bc7 59. Ke4
e2 60. Rxe2 Bxa5 61. Kxf4 Bc7+ 62. Ke4 Kb7 63. Kd5 Bb8 64. Kc5 Ba7+ 65. Kb5 Ka8
66. Ka6 Bb8 67. Re7 Bg3 68. Ra7+ Kb8 69. Rg7 Bf4 70. Rg8+ Kc7 1/2-1/2

[Event "Cracovia 2008 op A"]
[Site "Krakow"]
[Date "2009.01.02"]
[Round "7.24"]
[White "Kielczewski, Krzysztof"]
[Black "Stoma, Pawel"]
[Result "1/2-1/2"]
[WhiteElo "2185"]
[BlackElo "2268"]
[PlyCount "31"]
[EventDate "2008.??.??"]

1. e4 c5 2. Nf3 e6 3. c3 d5 4. exd5 exd5 5. d4 Nc6 6. Be3 cxd4 7. Bxd4 Nxd4 8.
Nxd4 Nf6 9. Bb5+ Bd7 10. Qe2+ Qe7 11. Bxd7+ Kxd7 12. Qxe7+ Bxe7 13. O-O Bc5 14.
Rd1 Rhe8 15. Kf1 Re4 16. Nd2 1/2-1/2

[Event "Cracovia 2008 op A"]
[Site "Krakow"]
[Date "2009.01.02"]
[Round "7.25"]
[White "Kopczyk, Daniel"]
[Black "Andersen, Lars Even"]
[Result "1/2-1/2"]
[WhiteElo "2153"]
[BlackElo "2262"]
[PlyCount "24"]
[EventDate "2008.??.??"]

1. d4 Nf6 2. c4 Nc6 3. Nf3 e6 4. Nc3 Bb4 5. e3 O-O 6. Bd3 d6 7. O-O e5 8. Nd5
Re8 9. dxe5 Nxd5 10. cxd5 Nxe5 11. Be2 Nxf3+ 12. Bxf3 Bf5 1/2-1/2

[Event "Cracovia 2008 op A"]
[Site "Krakow"]
[Date "2009.01.02"]
[Round "7.26"]
[White "Slabek, Grzegorz"]
[Black "D`Costa, Lorin A R"]
[Result "0-1"]
[WhiteElo "2192"]
[BlackElo "2411"]
[PlyCount "96"]
[EventDate "2008.??.??"]

1. d4 Nf6 2. Nf3 e6 3. g3 b5 4. Bg2 Bb7 5. O-O c5 6. e3 Qb6 7. a4 b4 8. c4 Be7
9. dxc5 Qxc5 10. b3 O-O 11. Bb2 d6 12. Nbd2 Nbd7 13. Rc1 Rfd8 14. Qe2 Rac8 15.
Rfd1 Qc7 16. Nd4 Bxg2 17. Kxg2 Nc5 18. e4 Qb7 19. f3 Rd7 20. Nc2 Rcd8 21. Ne1
h5 22. Nd3 h4 23. Nxc5 dxc5 24. Nf1 Nh5 25. Be5 g6 26. Ne3 f6 27. g4 fxe5 28.
gxh5 gxh5 29. Rxd7 Rxd7 30. Kh3 Bg5 31. Rg1 Rg7 32. Qd2 Qf7 33. Qf2 Kh7 34. Nc2
Qd7 35. Qe2 Kh6 36. Rd1 Qe7 37. Rg1 Qe8 38. Rd1 Qf8 39. Rg1 Rf7 40. Ne1 Qd6 41.
Nd3 Qd4 42. Rd1 Qc3 43. Rf1 Rc7 44. Rb1 Rd7 45. Ne1 Rd2 46. Qf1 Qd4 47. f4 Qe3+
48. Nf3 Bxf4 0-1

[Event "Cracovia 2008 op A"]
[Site "Krakow"]
[Date "2009.01.02"]
[Round "7.27"]
[White "Obrusnik, Michal"]
[Black "Zude, Erik"]
[Result "1-0"]
[WhiteElo "2181"]
[BlackElo "2396"]
[PlyCount "79"]
[EventDate "2008.??.??"]

1. e4 c5 2. Nf3 d6 3. d4 cxd4 4. Nxd4 Nf6 5. Nc3 e6 6. Be2 Be7 7. O-O O-O 8. f4
Nc6 9. Kh1 Bd7 10. Be3 a6 11. a4 Qc7 12. Bf3 Nxd4 13. Bxd4 e5 14. Be3 exf4 15.
Bxf4 Be6 16. Qd2 Nd7 17. Nd5 Bxd5 18. Qxd5 Ne5 19. c3 Bf6 20. Rad1 Rad8 21. Be2
Qe7 22. a5 g6 23. Bg3 Bg7 24. Rd2 h5 25. Bd1 Bh6 26. Rdf2 h4 27. Bf4 Bxf4 28.
Rxf4 Kg7 29. Bb3 Rd7 30. Qd4 Qd8 31. Bd5 Qxa5 32. Rxh4 Qb5 33. Qf2 f6 34. c4
Nxc4 35. Qf4 g5 36. Rg4 Rff7 37. Rxg5+ fxg5 38. Qxg5+ Kf8 39. Qh6+ Kg8 40. Qg6+
1-0

[Event "Cracovia 2008 op A"]
[Site "Krakow"]
[Date "2009.01.02"]
[Round "7.28"]
[White "Gumula, Daniel"]
[Black "Sadzikowski, Daniel"]
[Result "1/2-1/2"]
[WhiteElo "2351"]
[BlackElo "2178"]
[PlyCount "117"]
[EventDate "2008.??.??"]

1. d4 Nf6 2. c4 e6 3. Nf3 b6 4. Bf4 Bb7 5. e3 Bb4+ 6. Nbd2 Nh5 7. Bg5 Be7 8.
Bxe7 Qxe7 9. Bd3 f5 10. Qc2 Nc6 11. a3 g6 12. b4 e5 13. d5 e4 14. Qc3 Qf6 15.
Qxf6 Nxf6 16. dxc6 Bxc6 17. Be2 exf3 18. Bxf3 O-O-O 19. Bxc6 dxc6 20. Ke2 Rd7
21. Rad1 f4 22. Nf3 Re7 23. Rd3 Ne4 24. Rc1 g5 25. exf4 gxf4 26. Kf1 c5 27. g3
Rf8 28. Kg2 fxg3 29. hxg3 a6 30. Re3 Rfe8 31. Rd1 Nd6 32. Rc3 Re2 33. Rd2 cxb4
34. axb4 Rxd2 35. Nxd2 Re2 36. Rd3 Ne4 37. Nxe4 Rxe4 38. Rc3 b5 39. Kf3 Rd4 40.
Ke3 Rg4 41. f3 Rxg3 42. cxb5 axb5 43. Rc5 Rg6 44. Rxb5 Rb6 45. Rxb6 cxb6 46.
Kf4 Kd7 47. Ke5 Ke7 48. b5 Kf7 49. Kf5 Ke7 50. Kg5 Kf7 51. Kf5 Ke7 52. Kg5 Kf7
53. Kh5 Kg7 54. Kg5 Kf7 55. Kh6 Kg8 56. f4 Kh8 57. Kg5 Kg7 58. Kf5 Kf7 59. Ke5
1/2-1/2

[Event "Cracovia 2008 op A"]
[Site "Krakow"]
[Date "2009.01.02"]
[Round "7.29"]
[White "Mrva, Vladimir"]
[Black "Ashton, Adam G"]
[Result "0-1"]
[WhiteElo "2149"]
[BlackElo "2325"]
[PlyCount "108"]
[EventDate "2008.??.??"]

1. e4 e5 2. Nf3 Nc6 3. Nc3 Nf6 4. Bb5 Bd6 5. O-O O-O 6. d4 exd4 7. Nxd4 Nxd4 8.
Qxd4 Re8 9. f3 Be5 10. Qd3 c6 11. Ba4 b5 12. Bb3 a5 13. a3 Ba6 14. Ne2 d5 15.
exd5 Nxd5 16. f4 Bf6 17. Ng3 Qb6+ 18. Kh1 Rad8 19. Ne4 Be7 20. Ng5 Bxg5 21.
fxg5 b4 22. Bc4 Ne3 23. Bxe3 Rxe3 24. Bxf7+ Kh8 25. Qf5 Bxf1 26. Rxf1 bxa3 27.
bxa3 Qb5 28. Qf4 Rd4 29. Qf2 Rd2 30. Qf4 Re4 31. Qf3 Qe2 32. Qxe2 Rdxe2 33. Bh5
Re1 34. Kg1 Rxf1+ 35. Kxf1 Ra4 36. Ke1 Rxa3 37. Kd2 g6 38. Be2 Kg7 39. h3 Kf7
40. Bc4+ Ke7 41. c3 Kd6 42. Bg8 Ke5 43. Kd3 Kf5 44. h4 Ra4 45. c4 c5 46. Bxh7
Ra3+ 47. Kc2 Ra4 48. Kc3 Rb4 49. h5 Kxg5 50. Bxg6 a4 51. Bc2 Kxh5 52. Bd1+ Kh4
53. g4 a3 54. Bb3 Kxg4 0-1

[Event "Cracovia 2008 op A"]
[Site "Krakow"]
[Date "2009.01.02"]
[Round "7.30"]
[White "Soozankar, A.M."]
[Black "Dragun, Kamil"]
[Result "0-1"]
[WhiteElo "2264"]
[BlackElo "2174"]
[PlyCount "156"]
[EventDate "2008.??.??"]

1. d4 Nf6 2. Nc3 d5 3. Nf3 g6 4. Bf4 c6 5. e3 Bg7 6. h4 Bg4 7. Be2 Nbd7 8. Ne5
Bxe2 9. Qxe2 h5 10. O-O-O Qa5 11. Kb1 e6 12. f3 Nxe5 13. Bxe5 O-O-O 14. e4 Ne8
15. exd5 exd5 16. Bh2 Nd6 17. Qe3 Bh6 18. Qe5 Rhe8 19. Qg3 Re3 20. Rhe1 Rxe1
21. Qxe1 Bf8 22. Qe5 Re8 23. Qf6 Qd8 24. Qf4 Qd7 25. g4 b6 26. b3 Kb7 27. Rg1
Nc8 28. gxh5 Bd6 29. Qd2 gxh5 30. Rg5 Ba3 31. Ka1 Qh3 32. Nb1 Bf8 33. Rxh5 Qxf3
34. Rh7 Qf5 35. Qd3 Re4 36. Qg3 Bd6 37. Qg8 Bxh2 38. Rxf7+ Ne7 39. Qg7 Qe6 40.
h5 Bf4 41. Rf6 Qg8 42. h6 Qxg7 43. hxg7 Be3 44. c3 Ng8 45. Rf8 Nh6 46. g8=Q
Nxg8 47. Rxg8 b5 48. b4 Rxd4 49. Kb2 Re4 50. Rg2 Bf4 51. Nd2 Re3 52. Kc2 Be5
53. Nb1 Kb6 54. Rf2 a5 55. a3 d4 56. cxd4 Bxd4 57. Rd2 Be5 58. Rg2 axb4 59.
axb4 Re4 60. Rg5 Bd6 61. Nc3 Rc4 62. Kd3 Bxb4 63. Ne4 Rc1 64. Rg8 Rd1+ 65. Kc2
Re1 66. Nf6 Re6 67. Nd7+ Kc7 68. Rg7 Re7 69. Rxe7 Bxe7 70. Ne5 Bf6 71. Nd3 Kb6
72. Nf4 Be5 73. Nd3 Bg7 74. Nf4 c5 75. Kb3 Ka5 76. Ne6 c4+ 77. Kc2 Bf6 78. Nc7
b4 0-1

[Event "Cracovia 2008 op A"]
[Site "Krakow"]
[Date "2009.01.02"]
[Round "7.31"]
[White "Barski, Radoslaw"]
[Black "Klim, Kamil"]
[Result "1-0"]
[WhiteElo "2143"]
[BlackElo "2249"]
[PlyCount "95"]
[EventDate "2008.??.??"]

1. e4 c5 2. Nf3 Nc6 3. d4 cxd4 4. Nxd4 Nf6 5. Nc3 d6 6. Bg5 e6 7. Qd2 a6 8.
O-O-O Bd7 9. f4 b5 10. Bxf6 gxf6 11. Kb1 b4 12. Nce2 Qb6 13. g3 h5 14. Bg2 Rc8
15. Rhe1 Be7 16. Nxc6 Bxc6 17. Nd4 Ba4 18. b3 Bd7 19. e5 Rd8 20. Nf5 exf5 21.
exf6 Be6 22. fxe7 Kxe7 23. Bd5 Rh6 24. Re3 a5 25. Rde1 Qc5 26. Qd3 Kd7 27. Bg2
Rc8 28. Bh3 h4 29. Bg2 hxg3 30. hxg3 Rg8 31. Re5 Qf2 32. Rd1 Ke7 33. Qxd6+ Kf6
34. Bd5 Re8 35. Bxe6 Kg7 36. Rxf5 Rexe6 37. Rg5+ Rhg6 38. Rxg6+ Kxg6 39. Qd5
Re1 40. Qd3+ f5 41. Rxe1 Qxe1+ 42. Kb2 Kh6 43. Qd6+ Kh5 44. Qe5 Qe4 45. Qxe4
fxe4 46. Kc1 Kg4 47. Kd2 Kxg3 48. Ke3 1-0

[Event "Cracovia 2008 op A"]
[Site "Krakow"]
[Date "2009.01.02"]
[Round "7.32"]
[White "Tokarski, Bartosz"]
[Black "Baumann, Dariusz"]
[Result "0-1"]
[WhiteElo "2249"]
[BlackElo "2074"]
[PlyCount "82"]
[EventDate "2008.??.??"]

1. e4 e6 2. d4 d5 3. Nc3 Bb4 4. e5 c5 5. a3 Bxc3+ 6. bxc3 Ne7 7. Qg4 Qc7 8.
Qxg7 Rg8 9. Qxh7 cxd4 10. Ne2 Nbc6 11. f4 Bd7 12. Qd3 dxc3 13. Nxc3 a6 14. Rb1
Na5 15. h4 Nf5 16. Rh3 O-O-O 17. h5 Nc4 18. h6 Rg6 19. h7 Rh8 20. Rb4 Bc6 21.
Qd1 Qe7 22. g4 Nh4 23. g5 Nf5 24. Qd3 Rg7 25. Qf3 Rgxh7 26. Rxh7 Rxh7 27. Bxc4
dxc4 28. Rxc4 Kb8 29. Ne4 Qd8 30. Be3 Qd5 31. Rxc6 Qxc6 32. c3 Ka8 33. Bf2 Rh8
34. Nd2 Qb5 35. Qe4 Qb2 36. Qb4 Qc1+ 37. Ke2 Rd8 38. c4 Qc2 39. Bb6 Ng3+ 40.
Kf3 Rd3+ 41. Be3 Qd1+ 0-1

[Event "Cracovia 2008 op A"]
[Site "Krakow"]
[Date "2009.01.02"]
[Round "7.33"]
[White "Galazewski, Tomasz"]
[Black "Jakubiec, Edyta"]
[Result "1/2-1/2"]
[WhiteElo "2245"]
[BlackElo "2214"]
[PlyCount "64"]
[EventDate "2008.??.??"]

1. Nf3 d6 2. e4 c5 3. d4 cxd4 4. Nxd4 Nf6 5. f3 e5 6. Nb3 d5 7. Bg5 Be6 8. Bxf6
gxf6 9. exd5 Qxd5 10. Qxd5 Bxd5 11. Nc3 Bb4 12. O-O-O Bxb3 13. cxb3 Bxc3 14.
bxc3 Ke7 15. Bd3 Nd7 16. Rhe1 Rhg8 17. g4 Nc5 18. Bxh7 Rh8 19. Bf5 Ne6 20. Bxe6
Kxe6 21. Re2 Rac8 22. c4 Rcd8 23. Rf1 Rh4 24. c5 Rdh8 25. Rff2 f5 26. gxf5+
Kxf5 27. Kc2 Rf4 28. Kd2 Rh3 29. Re3 Rfh4 30. Ree2 Rf4 31. Re3 Rfh4 32. Ree2
Rf4 1/2-1/2